000 00750nam a2200205Ia 4500
999 _c39707
_d39707
001 6310
003 GE_BSU
005 20190930111037.0
008 181216s1976||||ge |||||||||||||| ||geo||
040 _cGE_BSU
041 _ageo
080 _a821.353.1-1 ბ-26
100 _aბართაია, ნომადი.
_92416
245 _aლექსები /
_cნომადი ბართაია ; რედ. გრ. ჯულუხიძე.
264 _aთბილისი :
_bმერანი ;
_c1976.
300 _a55 გვ. :
_bფოტო გარეკანზე ;
_c17 სმ.
653 _aლექსები
700 _aჯულუხიძე, გრ.
_eრედაქტორი
_94382
942 _cBK
_2udc